Issues in feminism : (Record no. 2035)
[ view plain ]
| 000 -LEADER | |
|---|---|
| fixed length control field | 00614pam a2200193 a 4500 |
| 001 - CONTROL NUMBER | |
| control field | 4488246 |
| 005 - DATE AND TIME OF LATEST TRANSACTION | |
| control field | 20241210135056.0 |
| 008 - FIXED-LENGTH DATA ELEMENTS--GENERAL INFORMATION | |
| fixed length control field | 970305s1998 cau b 001 0 eng |
| 020 ## - INTERNATIONAL STANDARD BOOK NUMBER | |
| International Standard Book Number | 1559349360 (recycled paper) |
| 050 00 - LIBRARY OF CONGRESS CALL NUMBER | |
| Classification number | HQ1426 |
| Item number | .I853 1998 |
| 082 00 - DEWEY DECIMAL CLASSIFICATION NUMBER | |
| Classification number | 305.42/0973 |
| Edition information | 21 |
| 245 00 - TITLE STATEMENT | |
| Title | Issues in feminism : |
| Remainder of title | an introduction to women's studies / |
| Statement of responsibility, etc. | [compiled by] Sheila Ruth. |
| 250 ## - EDITION STATEMENT | |
| Edition statement | 4th ed. |
| 260 ## - PUBLICATION, DISTRIBUTION, ETC. | |
| Place of publication, distribution, etc. | Mountain View, Calif. : |
| Name of publisher, distributor, etc. | Mayfield Pub. Co., |
| Date of publication, distribution, etc. | c1998. |
| 300 ## - PHYSICAL DESCRIPTION | |
| Extent | xv, 613 p. ; |
| Dimensions | 24 cm. |
| 650 #0 - SUBJECT ADDED ENTRY--TOPICAL TERM | |
| Topical term or geographic name entry element | Feminism |
| Geographic subdivision | United States. |
| 650 #0 - SUBJECT ADDED ENTRY--TOPICAL TERM | |
| Topical term or geographic name entry element | Women's studies |
| Geographic subdivision | United States. |
| 942 ## - ADDED ENTRY ELEMENTS (KOHA) | |
| Source of classification or shelving scheme | Library of Congress Classification |
| Koha item type | Books |
| Suppress in OPAC | No |
| 999 ## - | |
| -- | 2035 |
| -- | 2035 |
| Withdrawn status | Lost status | Source of classification or shelving scheme | Damaged status | Not for loan | Collection | Home library | Current library | Shelving location | Date acquired | Total checkouts | Full call number | Barcode | Date last seen | Copy number | Price effective from | Koha item type |
|---|---|---|---|---|---|---|---|---|---|---|---|---|---|---|---|---|
| Library of Congress Classification | Non-fiction | Undergraduate Library (Christ Temple) | Undergraduate Library (Christ Temple) | General stacks | 12/10/2024 | HQ 1426 ISS | ulct00000564 | 12/10/2024 | 1 | 12/10/2024 | Books | |||||
| Library of Congress Classification | Non-fiction | Undergraduate Library (Christ Temple) | Undergraduate Library (Christ Temple) | General stacks | 12/10/2024 | HQ 1426 ISS | ulct00000565 | 12/10/2024 | 2 | 12/10/2024 | Books | |||||
| Library of Congress Classification | Non-fiction | Undergraduate Library (Christ Temple) | Undergraduate Library (Christ Temple) | General stacks | 12/10/2024 | HQ 1426 ISS | ulct00000566 | 12/10/2024 | 3 | 12/10/2024 | Books | |||||
| Library of Congress Classification | Non-fiction | Undergraduate Library (Christ Temple) | Undergraduate Library (Christ Temple) | General stacks | 12/10/2024 | HQ 1426 ISS | ulct00000567 | 12/10/2024 | 4 | 12/10/2024 | Books |